[Event "Groningen PCA"]
[Site "Groningen"]
[Date "1993.??.??"]
[Round "10"]
[White "Polgar, Judit"]
[Black "Smirin, Ilia"]
[Result "1-0"]
[WhiteElo "2630"]
[BlackElo "2640"]
[Annotator "Stohl,I"]
[PlyCount "79"]
[EventDate "1993.12.??"]
[EventType "swiss"]
[EventRounds "11"]
[EventCountry "NED"]
[SourceTitle "CBM 039"]
[Source "ChessBase"]
[SourceDate "1994.04.01"]
[SourceVersion "1"]
[SourceVersionDate "1994.04.01"]
[SourceQuality "1"]

1. e4 d6 2. d4 Nf6 3. Nc3 g6 4. Bg5 Bg7 5. Qd2 h6 (5... c6 6. f4 Nbd7 7. O-O-O
Qa5 8. Kb1 e5 9. Nf3 O-O 10. fxe5 dxe5 11. d5 cxd5 12. exd5 Re8 13. Bc4 a6 14.
d6 b5 15. Bb3 Bb7 16. a3 Qb6 17. Be3 Qd8 18. Rhf1 $40 {Schein,H-Haider,B/
Finkenstein op/1993/}) (5... Nbd7 6. Bh6 Bxh6 7. Qxh6 c6 8. f3 Qa5 9. O-O-O b5
10. e5 $6 dxe5 11. d5 b4 12. dxc6 bxc3 13. cxd7+ Bxd7 14. Bc4 Rb8 15. Qg7 Rf8
16. bxc3 Qxc3 17. Bb3 Rxb3 $1 18. axb3 Bf5 {0-1/Weteschnik,M-Hermaneck,H/
Dortmund op-A/1993/}) (5... Nc6 $5 6. Bb5 (6. O-O-O O-O 7. Bh6 Bxh6 8. Qxh6 Ng4
9. Qd2 e5 10. d5 Nb8 11. f3 Nf6 12. h4 h5 13. Be2 Kg7 14. Nh3 Bxh3 15. Rxh3
Nbd7 16. g4 a6 17. g5 Ng8 18. Rg3 Re8 19. Rf1 Re7 20. f4 exf4 21. Rxf4 Ne5 $10
{Schmidt-Schaeffer,S-Slobodjan,R/Munich/1992/}) 6... Bd7 7. f3 e5 8. Nge2 h6 9.
Be3 a6 10. Bxc6 Bxc6 11. O-O-O Qe7 12. g4 exd4 13. Bxd4 O-O-O 14. Nf4 Qf8 15.
Rhe1 Kb8 16. Nce2 Nd7 17. Qc3 Be5 18. Nd3 f5 $132 {Sokolov,I-Gurevich,M/
Barcelona/1992/}) 6. Bf4 Nbd7 $146 (6... g5 7. Bg3 Nh5 8. O-O-O Nc6 9. Bb5 Bd7
10. Nge2 e6 11. f3 Nxg3 12. hxg3 Qe7 13. g4 O-O-O 14. Qe3 Kb8 15. Ng3 Rhg8 16.
Kb1 Rc8 17. Bxc6 Bxc6 18. Rd2 Rgd8 19. Rhd1 Be8 20. e5 Bh8 $132 {Emms,
J-Hodgson,J/Londnon LB/1990/}) (6... c6 7. h3 (7. f3 b5 8. Bd3 Nfd7 9. Be3 a6
10. Nd1 c5 11. c3 Nc6 12. d5 Nce5 13. Be2 Nc4 14. Bxc4 bxc4 15. Nh3 a5 16. O-O
a4 17. a3 Ne5 18. Nhf2 g5 19. Qe2 e6 $13 {Ommer,W-Movsziszian,K/Porz-op28/1992/
}) 7... b5 8. Bd3 Nfd7 9. Nf3 e5 10. dxe5 dxe5 11. Be3 $14 Qe7 $2 12. Bxb5 $1
cxb5 13. Qd5 Nb6 14. Bxb6 Bb7 15. Qxb5+ Bc6 16. Bc5 Qe6 17. Qb3 Qxb3 18. axb3
$18 {Kholmov,R-Cseshkovsky,V/Voskresensk/1992/}) 7. O-O-O g5 8. Be3 Ng4 9. h4
Nxe3 10. Qxe3 (10. fxe3 $5 g4 11. h5 $36 {/\Bc4}) 10... g4 11. h5 c5 $132 12.
Nge2 (12. dxc5 Nxc5 13. Bb5+ Bd7 14. Bxd7+ Qxd7 $15) 12... a6 (12... Qa5 $5 $13
{/\b5}) 13. dxc5 Nxc5 14. Nd4 Qa5 (14... Bd7 $142 15. Bc4 Rc8 $132) 15. Bc4 Bd7
16. Nd5 {/\b4+-} Na4 17. b4 $5 Qd8 18. Nf5 Bb2+ (18... Bxf5 19. exf5 {/\f6} Be5
20. f4 gxf3 21. gxf3 $40) 19. Kb1 Rc8 (19... Be5 20. Nfxe7 $16) 20. Bb3 Be5 21.
Nfxe7 Nc3+ 22. Kc1 $1 Nxd5 $1 (22... Nxd1 23. Rxd1 Rb8 24. f4 gxf3 25. gxf3 $44
) 23. Nxd5 Be6 24. Kb1 Bxd5 25. Rxd5 Qf6 26. Rhd1 $14 O-O 27. Qe2 Kh8 28. c4 (
28. Qxg4 $6 Qxf2 $44) 28... b6 29. Qd2 Rc6 (29... Bf4 30. Rxd6 $5 Bxd6 31. Qxd6
$36) (29... Kg7 $5 $14) 30. f3 gxf3 $5 (30... g3 31. Rf1 Bf4 32. Qd4 Be5 $14)
31. Rf1 $1 Bf4 (31... fxg2 $142 32. Qxg2 Qg5 33. Qh3 $13) 32. Qc2 (32. Rxf3
Bxd2 33. Rxf6 Bxb4 $10 34. Rxh6+ $2 Kg7) 32... fxg2 33. Qxg2 Qh4 34. Rg1 $40
Bg5 35. Rf5 $1 {/\e5,Rh1} Re8 $8 36. e5 Rxc4 37. Rxf7 $1 (37. Bxc4 Qxc4 $44 {
עb1}) 37... Rxb4 38. Qc2 Re4 $2 (38... Qe4 $8 39. Qxe4 Rxe4 40. exd6 $16) 39.
Rd1 $1 (39. Qc7 $2 Re1+ $40) 39... R8xe5 (39... dxe5 40. Qc7 Be7 41. Qc6 $18) (
39... Bd8 40. Rxd6 Re1+ 41. Kb2 $18) 40. Qc8+ (40. Qc8+ Bd8 (40... Re8 41. Qf5
{/\Qh7#}) 41. Rf8+ Kh7 42. Qd7+ Re7 43. Qf5+ Kg7 44. Qg6+ Kxf8 45. Qg8#) 1-0

[Event "Rubinstein Memorial"]
[Site "Polanica Zdroj"]
[Date "1991.??.??"]
[Round "7"]
[White "Schmittdiel, Eckhard"]
[Black "Wojtkiewicz, Aleksander"]
[Result "1/2-1/2"]
[WhiteElo "2490"]
[BlackElo "2510"]
[Annotator "Stohl,I"]
[PlyCount "127"]
[EventDate "1991.09.??"]
[EventType "tourn"]
[EventRounds "11"]
[EventCountry "POL"]
[EventCategory "11"]
[SourceTitle "CBM 026"]
[Source "ChessBase"]
[SourceDate "1992.02.01"]
[SourceVersion "1"]
[SourceVersionDate "1992.02.01"]
[SourceQuality "1"]

1. e4 d6 2. d4 Nf6 3. Bd3 e5 4. c3 g6 (4... d5 $5 5. dxe5 Nxe4 (5... dxe4 $6 6.
Bb5+ Bd7 7. Qe2 Bxb5 8. Qxb5+ Nfd7 9. e6 fxe6 10. Nh3 $6 (10. Qxb7 Nc5 11. Qxa8
Nd3+ 12. Kf1 Nxc1 13. Qxe4 Qd1+ 14. Qe1 Qd3+ 15. Ne2 $16) 10... Nc6 11. Bg5 Be7
12. Bxe7 Nxe7 13. O-O O-O 14. Qc4 Kh8 15. Qxe4 Nc5 16. Qe2 Qd3 17. Re1 Rad8 $10
{Sharif,Me-Gurevich,M,Marseille 1988-CBM 09}) 6. Nf3 Nc6 7. Nbd2 Nc5 8. Nb3 Bg4
9. O-O Qd7 10. Re1 O-O-O 11. Nxc5 Bxc5 12. b4 Bb6 13. a4 a5 14. b5 Ne7 15. Be3
Bxe3 16. Rxe3 Kb8 17. Qe1 Bxf3 18. Rxf3 Ng6 $132 {Yusupov,A-Adams,M,Hastings
1989-TD 89_14}) (4... Nc6 5. Nf3 Be7 (5... Bg4 6. d5 Ne7 7. c4 Ng6 8. g3 Be7 9.
Nc3 Qc8 10. Be2 O-O 11. h4 c5 12. Nd2 Bd8 $6 13. Bxg4 Nxg4 14. Nb5 Be7 15. h5
Nh8 16. f3 Nh6 17. g4 a6 18. Nxd6 Bxd6 19. g5 $16 {Anand,V-Timman,J,Linares
1991-CBM 22}) 6. h3 O-O 7. O-O h6 8. Re1 Re8 9. Nbd2 Bf8 10. Nf1 a6 11. Ng3 Bd7
12. Be3 Na7 $14 {(),Kuporosov,V-Gipslis,A,Brno-B 1991-CBM 26}) 5. f4 $5 (5. Nf3
Nbd7 6. O-O Bg7 7. Re1 O-O 8. Bg5 h6 9. Bh4 Qe8 10. Nbd2 Nh5 11. Nf1 Nf4 12.
Bc2 Nb6 13. Ne3 a5 14. a4 c6 15. b3 Bd7 16. dxe5 dxe5 17. Qd6 Nc8 $10 {
Kakabadze,K-Szenetra,W,Baden-Baden op 1990}) 5... Bg7 6. Nf3 Nc6 7. O-O O-O 8.
d5 Ne7 9. fxe5 dxe5 10. c4 (10. Nxe5 Nfxd5 11. Nxf7 Rxf7 12. Rxf7 Kxf7 13. exd5
Nxd5 (13... Qxd5 14. Qf1+ $1 $40) 14. Bc4 Be6 $10) 10... c6 $1 11. Nc3 (11.
Nxe5 $6 Nfxd5 12. exd5 (12. Nxf7 Qb6+ $36) 12... Bxe5 $15) 11... cxd5 12. cxd5
Ne8 $13 13. Qb3 Nd6 14. Be3 Bd7 (14... b6 15. Nb5 $36) 15. a4 (15. Bc5 Nec8 16.
Qa3 Qc7 $10) 15... Nec8 16. Nd2 f5 $132 17. Bb5 Rf7 (17... a6 18. Bxd7 Qxd7 19.
a5 $36 {/\Na4-c5}) 18. Bxd7 Qxd7 19. a5 f4 20. Bc5 g5 21. Qa4 (21. Nc4 Nxc4 22.
Qxc4 Bf8 $13 {/\Nd6}) 21... Qc7 (21... Qxa4 $142 22. Nxa4 Rc7 23. Rfc1 Bf8 $132
) 22. b4 $36 g4 23. Nb5 Qd8 (23... Nxb5 24. Qxb5 Bf8 25. Rac1 $36) 24. Nxd6
Nxd6 25. Qd1 $1 $14 h5 26. h3 Qd7 (26... gxh3 27. gxh3 Qg5+ 28. Kh1 $36 {-><->g
}) 27. hxg4 hxg4 28. Bxd6 Qxd6 29. Qxg4 Qxb4 30. Rf2 (30. Nf3 Qxe4 31. Ng5 Qg6
$17) 30... Rd8 31. Rb1 (31. Qe6 $142 $5 {/\Nf3} Qd4 32. Rc1 $36) 31... Qd4 $1 (
31... Qxa5 $6 32. Nf3 {/\Ne5,Ng5->}) 32. Qe6 Rdd7 33. Rc1 (33. Qe8+ Bf8 $13 {
/\Kg7,Bc5}) 33... Bf8 34. Nf3 (34. Rc8 Qa1+ 35. Kh2 Qe1 36. Rf3 Qxd2 37. Rh3
Qb4 $1 $8 (37... f3 $2 38. Qg6+ Rg7 39. Rxf8+ Kxf8 40. Rh8+ $18) 38. Qh6 Rh7
39. Qe6+ Rhf7 $10) 34... Qxe4 35. Nxe5 (35. Ng5 Qxd5 $8 (35... Qe3 36. Rc8 Qe1+
37. Rf1 Qe3+ 38. Kh1 $16) 36. Qxd5 Rxd5 37. Nxf7 Kxf7 38. Rc7+ Kf6 39. Ra2 $10)
35... Rde7 36. Qg6+ Qxg6 37. Nxg6 Rc7 $10 38. Rfc2 (38. Rxc7 $142 Rxc7 39. Nxf8
Kxf8 40. Rxf4+ Ke7 $10 {/\Kd6}) 38... Rxc2 39. Rxc2 Bb4 (39... Bd6 40. Kf2 Rf6
41. Nh4 $10) 40. Ne5 Rf5 41. Rc8+ Kg7 42. Rc7+ Kh6 43. Nd3 Bd6 (43... Bxa5 44.
Rxb7 Bb6+ 45. Kf1 $10) 44. Rxb7 Rxd5 $36 45. Rb3 Rxa5 46. Kf2 Kg6 47. Kf3 Kf5
48. Rb7 Ra3 (48... Rd5 49. Nxf4 Bxf4 50. Rf7+ $10) 49. Rb5+ Ke6 50. Ke4 $10 {
><f4} Ra4+ 51. Kf3 Ra3 52. Ke4 Ra4+ 53. Kf3 Rc4 54. Ra5 Bb8 $8 55. Ra6+ Ke7 (
55... Kd5 56. Rf6 a5 57. Rf5+ Kd4 58. Nxf4 a4 59. Ra5 $10) 56. Ra5 Rd4 57. Ne5
$1 Kd6 (57... Bxe5 58. Rxe5+ {/\Ra5=}) 58. Ng6 Ke6 59. Kg4 {><f4} Kf6 60. Ra6+
Kf7 61. Kf5 Kg7 62. Ne7 {/\Nc6} Rd6 63. Rxd6 Bxd6 64. Nc8 {/\Na7 [Stohl,I]}
1/2-1/2

[Event "Hoogovens"]
[Site "Wijk aan Zee"]
[Date "1999.01.20"]
[Round "4"]
[White "Kasparov, Garry"]
[Black "Topalov, Veselin"]
[Result "1-0"]
[WhiteElo "2812"]
[BlackElo "2700"]
[Annotator "Stohl,I"]
[PlyCount "87"]
[EventDate "1999.01.16"]
[EventType "tourn"]
[EventRounds "13"]
[EventCountry "NED"]
[EventCategory "17"]
[SourceTitle "CBM 069"]
[Source "ChessBase"]
[SourceDate "1999.04.01"]
[SourceVersion "1"]
[SourceVersionDate "1999.04.01"]
[SourceQuality "1"]

{[%mdl 1] My comments to this fantastic game will be limited to some moments
of interest, which I haven't seen highlighted before in the earlier published
sources (Internet, various magazines etc.)} 1. e4 d6 {Topalov is a Sicilian
player, but against Kasparov he prefers to spring a slight surprise on his
well prepared opponent as soon as possible.} 2. d4 Nf6 3. Nc3 ({Pirc is a
somewhat rare opening in Gary's practice and he often used to react with} 3. f3
$5 {e.g.} e5 4. d5 c6 5. c4 Qb6 6. Nc3 Be7 7. Nge2 O-O 8. Ng3 cxd5 9. Na4 $1
Qc7 10. cxd5 Bd7 11. Be3 Rc8 12. Nc3 Na6 13. Be2 Bd8 14. O-O Qa5 15. Kh1 Nc5
16. Bd2 Ne8 17. f4 exf4 18. Bxf4 Bf6 19. Bg4 Qd8 20. Bxd7 Qxd7 21. Qf3 Rc7 22.
Nf5 Bxc3 23. bxc3 Na4 24. Qg3 Nxc3 25. Rae1 f6 26. Bxd6 Nxd6 27. Nxd6 $36 {
Kasparov,G-Wahls,M/GER-Kasparov/1992/ But the Bulgarian was probably well
prepared for a fight in the Saemisch, after all he is King's Indian expert.})
3... g6 4. Be3 Bg7 $6 {A major exponent of the 4.Be3 line GM Vlastimil Jansa
would be dissatisfied with this move, as later Black will have to lose a tempo
capturing on h6.} (4... Ng4 $6 5. Bg5 {is also not ideal, as it rather loses
than gains time.}) (4... c6 $5 {has the best reputation.} 5. h3 $1 {This
useful and flexible move keeps open both possibilities of development for
White, depending on Black's reaction-f4, or Nf3.} ({Less dangerous is} 5. Qd2
$143 Nbd7 6. Bd3 b5 7. Nf3 e5 $5 $132) {Black's most reasonable alternative is}
5... Nbd7 (5... b5 $143 $6 6. e5 $1 dxe5 (6... Nfd7 7. exd6 exd6 8. d5 b4 9.
dxc6 bxc3 10. cxd7+ Nxd7 11. b3 Be7 12. Bh6 Bb7 13. Nf3 Qa5 14. Be2 g5 15. Bg7
Rg8 16. Bd4 h5 17. Qd3 g4 18. hxg4 hxg4 19. Bxc3 Qd5 20. Qxd5 Bxd5 21. Nd4 Rc8
22. Bb4 Bxg2 23. Rg1 Ba8 24. Rxg4 Rh8 25. O-O-O $18 {Sokolov,A-Zakharevich,I/
Elista/1995/}) 7. dxe5 Qxd1+ 8. Rxd1 Nfd7 9. f4 Bg7 10. Nf3 f6 11. e6 Nf8 12.
Nxb5 Nxe6 13. Nxa7 Bb7 14. Bc4 Nc7 15. Kf2 Nd5 16. Nxc6 Bxc6 17. Bxd5 Bxd5 18.
Rxd5 Rxa2 19. Rb5 O-O 20. Rd1 Nc6 21. Nd4 Nxd4 22. Bxd4 Rc8 23. Rd2 $18 {
Jansa,V-Schlosser,M/Muenster/1992/}) (5... Bg7 $143 $6 6. f4 $1 {[+]()} O-O 7.
Nf3 Nbd7 8. e5 Nh5 9. Ne2 Bh8 10. g4 Ng7 11. Bg2 dxe5 12. fxe5 Nb6 13. Bh6 Be6
14. O-O Qd7 15. Nf4 Bd5 16. Nxd5 Nxd5 17. Qe2 Rad8 18. Rae1 Nc7 19. c3 Nce6 20.
Nd2 Qc7 21. Ne4 a5 22. Rf2 b5 23. Ref1 Qb6 24. Kh1 $40 {Jansa,V-Hoi,C/Gausdal/
1991/}) 6. f4 e5 7. Qf3 $5 {This position is still quite rare in practice.} {
Black's main problem is to break up effectively the strong pawn cahin e4,f5,
so deserving attention is} b5 $142 $5 (7... Qa5 8. Bd3 Bg7 9. dxe5 dxe5 10. f5
b5 (10... gxf5 $6 11. Qxf5 $1 b5 12. Nge2 b4 13. Nb1 Nb6 14. Qf2 Na4 15. O-O
Be6 16. b3 Nb2 17. Ng3 Nxd3 18. cxd3 Qb5 19. Nd2 Rd8 20. Bg5 $40 {Movsesian,
S-Ftacnik,L/Hamburg op/1997/}) 11. Nge2 $36 (11. g4 $143 $6 b4 12. Nd1 gxf5 $1
13. gxf5 b3+ 14. Nc3 bxc2 15. Nge2 Rb8 16. Bc1 Rg8 17. Bxc2 Bf8 18. b3 Ba6 19.
Bd2 Bb4 20. a3 Nh5 21. Qxh5 Bxe2 22. Nxe2 Bxd2+ $17 {Kharlov,A-Labok,V/Podolsk/
1992/})) 8. O-O-O (8. Bd3 Bb7 $132) 8... b4 9. Nce2 Qe7 10. dxe5 dxe5 11. f5
gxf5 12. Qxf5 (12. exf5 $6 Bb7 13. g4 Nd5 14. Bf2 e4 15. Qg3 e3 16. Be1 Bg7 17.
g5 Be5 18. Qg4 h5 19. Qg2 O-O-O 20. Nf3 Nf4 21. Nxf4 Bxf4 22. Be2 c5 23. h4 Ne5
24. Rxd8+ Rxd8 25. Kb1 Nxf3 {0-1,Wagener,C-Andersen,J/Szeged/1994/}) 12... Qe6
$5 $13 {<=>}) 5. Qd2 c6 6. f3 {More consistent and preferred by Jansa is} (6.
Bh6 $5 {as White can sometimes effectively play f4 later on.} Bxh6 7. Qxh6 Qa5
(7... b5 8. e5 $1 b4 9. exf6 bxc3 10. bxc3 exf6 11. Bd3 Qe7+ 12. Ne2 Qf8 13.
Qd2 Qe7 14. O-O O-O 15. Rfe1 f5 16. c4 Nd7 17. Rab1 Nb6 18. Qa5 Be6 19. Nf4 Qf6
20. c5 dxc5 21. Nxe6 fxe6 22. Qxc5 $16 {Jansa,V-Gazik,I/CSR-chT/1992/}) 8. Bd3
c5 $5 (8... b5 9. Nf3 b4 10. Ne2 Ba6 11. O-O Nbd7 12. Ng3 Bxd3 13. cxd3 Rg8 14.
Qd2 Rb8 15. a3 Qb5 16. axb4 Qxb4 17. Qxb4 Rxb4 18. Rfc1 Nb8 19. Rxa7 Rxb2 20.
e5 $1 $36 {עe8,Van der Wiel,J-Azmaiparashvili,Z/Wijk aan Zee/1993/}) ({
Rather passive is} 8... Nbd7 9. Nf3 e5 10. O-O exd4 11. Nxd4 Qh5 12. Qd2 O-O
13. Be2 Qe5 14. f4 Qe7 15. Bf3 Nb6 16. Rae1 Rd8 17. b3 c5 18. Nde2 Bd7 19. Ng3
Bc6 20. a4 $16 {[%csl Ge4,Gf4] (),[+]Adams,M-Nogueiras,J/Buenos Aires/1991/})
9. Nge2 (9. Nf3 $143 Bg4 $1 $13) 9... cxd4 10. Nxd4 Nc6 $5 ({Unplayable is} 
10... Qb6 $2 11. O-O-O Nc6 12. Nxc6 bxc6 13. e5 $1 dxe5 14. Ne4 Be6 15. Qg7
O-O-O 16. Nxf6 exf6 17. Qxf6 Rhe8 18. Rhe1 Bg4 19. f3 e4 20. Rxe4 Rxe4 21. Ba6+
Qxa6 22. Rxd8+ Kb7 23. Qxf7+ Kb6 24. fxe4 {1-0,Jansa,V-Hoffmann,H/BL2-O 9697/
1997/}) 11. Nb3 Qb6 12. Nd5 (12. O-O-O Be6 13. f3 O-O-O 14. Rhe1 Kb8 15. Bf1
Rc8 16. Qe3 Qxe3+ 17. Rxe3 g5 18. g3 h5 19. f4 h4 20. Bb5 Ng4 21. Re2 hxg3 22.
hxg3 Rh3 $15 {Kroeze,F-Beim,V/Leeuwarden/1994/}) 12... Nxd5 13. exd5 Nb4 $5
$132 (13... Ne5 14. O-O Bd7 15. Be2 O-O-O 16. a4 Kb8 17. a5 Qc7 18. c4 Bg4 19.
Bxg4 Nxg4 20. Qf4 Ne5 21. Ra4 g5 22. Qd4 h5 23. Rc1 h4 24. Qe3 h3 25. g3 e6 26.
Nd4 Qc5 27. Rc3 Ng4 28. Qd2 e5 29. Nb3 Qc8 30. c5 $40 {Hamdouchi,H-Chabanon,J/
FRA-chT/1998/})) 6... b5 7. Nge2 {White has various possibilities here.} ({
Not too promising is the old line} 7. O-O-O Qa5 8. Kb1 Nbd7 9. Bh6 Bxh6 10.
Qxh6 Nb6 11. Nh3 Bxh3 $1 12. Qxh3 Na4 $1 $15) ({Ultra-sharp is} 7. g4 h5 $5 (
7... Nbd7) 8. g5 Nfd7 9. f4 Nb6 $13) 7... Nbd7 8. Bh6 Bxh6 9. Qxh6 Bb7 {
Black should strive for immediate counterplay.} (9... e5 $142 $5 10. a3 {
and forcing a central exchange costs Black precious time, e.g.} ({Too soft is} 
10. dxe5 $143 $6 dxe5 11. Nc1 Bb7 12. Nd3 Qe7 13. g3 O-O-O 14. b4 a5 15. a3 Kc7
16. Be2 axb4 17. axb4 Ra8 $11 {Kristensen,B-Hansen,C/Vejle/1994/}) 10... Qa5
11. dxe5 dxe5 12. Nc1 Bb7 13. b4 $1 Qb6 14. Nb3 $14) (9... Qa5 10. Nc1 b4 (
10... Qb6 11. Nb3 a5 12. a4 b4 13. Nd1 Ba6 14. Ne3 Bxf1 15. Rxf1 Qa6 (15... c5
$5 16. Nc4 Qa6 17. Nbxa5 cxd4 18. Qd2 $14) 16. Kf2 Rc8 17. Kg1 c5 18. dxc5 Nxc5
19. Nd4 Qb6 20. Nc4 Qa6 21. b3 Ncd7 22. Nb5 Ne5 23. Ne3 Qb6 24. Kh1 Rc5 25.
Rad1 Rg8 26. Rd2 g5 27. Nxd6+ Qxd6 28. Rxd6 Rg6 29. Rxf6 {1-0,Moroz-Janda/
Decin/1998/}) 11. Nb3 Qh5 12. Qxh5 Nxh5 13. Nd1 a5 14. a3 Bb7 15. axb4 axb4 16.
Rxa8+ Bxa8 17. Nf2 O-O 18. Nd3 c5 19. dxc5 dxc5 20. Nbxc5 Nxc5 21. Nxc5 Rc8 22.
Nd3 Rxc2 23. Kd1 b3 24. Be2 Bb7 25. Re1 f5 26. exf5 gxf5 27. Nb4 $1 $14 {
Rantanen,Y-Jamieson,R/Haifa olm/1976/}) 10. a3 $1 {The right moment for
prophylaxis} (10. O-O-O $143 $6 Qa5 $36) ({Gary tries to achieve a better
version of} 10. Nc1 e5 11. dxe5 dxe5 12. Nb3 a6 13. O-O-O Qc7 $5 14. Qg7 Rf8 (
14... Rg8 $2 15. Rxd7 $18) 15. g3 O-O-O 16. Bh3 Kb8 17. Bxd7 Nxd7 18. Qxh7 a5
19. Kb1 a4 20. Nc1 a3 21. b3 b4 22. N3e2 c5 23. Qh6 f5 $5 $44 {Moroz,A-Yurasov,
A/Simferopol/1991/}) 10... e5 (10... a5 11. Nd1 b4 12. Ng3 $5 $14 {[%csl Ra5,
Rb4] As Black's K will have to castle <<, he doesn't want to weaken his
position here any further.}) 11. O-O-O Qe7 {Black wants to get his K to safety
as soon as possible.} ({But interesting was} 11... a6 $5 12. Kb1 (12. f4 Ng4
13. Qg7 Qf6 $11 {nikam nevedie a po}) 12... Qc7 {/\ (Covers a5.)} 13. dxe5 dxe5
14. Qg7 Ke7 $5 $132) 12. Kb1 a6 13. Nc1 $1 O-O-O 14. Nb3 exd4 $5 {Topalov
realizes the danger, connected with Na5 followed by a timely d5-> and decides
to open up the position and fight.} (14... c5 $6 15. d5 $16 {[%cal Yb3a5,Yb2b4]
}) 15. Rxd4 (15. Nxd4 c5 16. Nb3 {-15.Rd4}) 15... c5 16. Rd1 Nb6 {[%cal Rd6d5]
/\d5} (16... Ne5 17. Be2 d5 $2 18. f4 {/\e5+/-}) 17. g3 Kb8 (17... d5 $5 18.
Bh3+ (18. Qf4 d4 19. Bh3+ Nfd7 $13) 18... Kb8 19. exd5 (19. Qf4+ Ka7 $1 {/\}
20. Nxc5 $2 Nh5 21. Qe3 d4 $1 $17) 19... Nbxd5 20. Nxd5 Nxd5 (20... Rxd5 21.
Qf4+ $5 Qe5 22. Qxe5+ Rxe5 23. Rd6 $36) 21. Na5 $14) 18. Na5 $6 {Kasparov
already envisages the rich combinational possibilities, but this very natural
move is probably objectively not the best.} (18. Bh3 $142 $5 {/\Rhe1} d5 19.
exd5 {-17...d5!?}) ({Deserving attention is also} 18. Qf4 Ka7 (18... Ka8 19.
Na5 $36) 19. g4 $5 {/\Bb5 and Black can't play} (19. Bxb5 Nh5 20. Qh4 $5 Qxh4
21. gxh4 axb5 22. Nxb5+ Kb8 23. Nxd6 f5 24. Nxc5 Bd5 $5 $13) 19... d5 $2 20.
Nxc5 $1 $16) 18... Ba8 19. Bh3 d5 20. Qf4+ Ka7 21. Rhe1 d4 {Ftacnik: 'Black
has achieved impressive success, but his position is a bit dangerous. Kasparov
unleashes phantastic combination.'} ({Opening the position is suicide, after} 
21... dxe4 22. fxe4 {/\Nd5} Nxe4 (22... Rxd1+ 23. Rxd1 Nxe4 24. Rd7+ $1 $18)
23. Nxe4 Rxd1+ 24. Rxd1 Bxe4 25. Re1 Re8 26. Rxe4 $1 Qxe4 27. Qc7+ Ka8 28. Nc6
$18) 22. Nd5 {'!' Ftacnik.} Nbxd5 (22... Nfxd5 $2 23. exd5 Qd6 24. Qxf7+ $18)
23. exd5 Qd6 24. Rxd4 $1 {[%mdl 704]} (24. Qxd6 $2 Rxd6 25. b4 cxb4 26. axb4
Nxd5 $17) (24. Nc6+ Bxc6 25. dxc6 Qxf4 26. Re7+ (26. gxf4 Nd5 $5 $15) 26... Kb6
27. gxf4 Nd5 28. Rxf7 Rdf8 $15) 24... cxd4 $2 {Ftacnik: 'It should be noted,
that 24...Kb6! would most certainly save the game for black, but we would be
robbed of some fascinating lines. '} (24... Kb6 $142 $1 $11) (24... Bxd5 $5 25.
Rxd5 $1 Nxd5 (25... Qxf4 26. Rxd8 Qh6 (26... Qc7 27. Rxh8 Qxa5 28. Re7+ $18)
27. Re7+ Kb6 28. b4 $1 $18) 26. Qxf7+ Nc7 27. Re6 Rd7 (27... Qd1+ 28. Ka2 Rd7
29. Re7 $16) 28. Rxd6 Rxf7 29. Nc6+ Ka8 30. f4 $44) 25. Re7+ $3 {The real
point of the combination.} (25. Qxd4+ $2 Qb6 $1 26. Re7+ Nd7 27. Rxd7+ (27. Qc3
Qg1+) 27... Rxd7 28. Qxh8 Rxd5 $19) 25... Kb6 (25... Qxe7 $2 26. Qxd4+ $18) (
25... Kb8 26. Qxd4 Nd7 27. Bxd7 Bxd5 28. c4 $1 $18) 26. Qxd4+ Kxa5 (26... Qc5
27. Qxf6+ Qd6 28. Be6 $3 Bxd5 29. b4 $18) 27. b4+ Ka4 28. Qc3 $5 {This shows
Kasparov's combination was more intuitive, than arithmetically exact. Ftacnik:
'It seems, that white could have won more easily with the help of a fine move
28.Ra7!!'} ({A simpler and even more beautiful win was found by (I think)
Kavalek:} 28. Ra7 $1 {/\} Bb7 (28... Nxd5 {Ftacnik} 29. Rxa6+ $3 Qxa6 30. Qb2
Nc3+ 31. Qxc3 Bd5 32. Kb2 Qe6 33. Bxe6 fxe6 34. Qb3+ $1 Bxb3 35. cxb3#) 29.
Rxb7 Qxd5 (29... Nxd5 30. Bd7 $3 Ra8 (30... Rxd7 31. Qb2 Nc3+ 32. Qxc3 Qd1+ 33.
Kb2 Rd3 34. Ra7 $1 $18) 31. Bxb5+ axb5 32. Ra7+ Qa6 33. Qxd5 Qxa7 34. Qb3#) 30.
Rb6 $1 $18 (30. Rb6 Ra8 (30... a5 31. Ra6 Ra8 32. Qe3 $3 Rxa6 (32... Rhe8 33.
Rxa8 Rxa8 34. Kb2 $18) 33. Kb2 axb4 34. axb4 Kxb4 35. Qc3+ Ka4 36. Qa3#) 31.
Qxf6 a5 32. Bf1 $18)) 28... Qxd5 29. Ra7 Bb7 $8 30. Rxb7 (30. Qc7 $2 Qd1+ $11)
30... Qc4 (30... Rhe8 31. Rb6 (31. Ra7 $2 Rd6 32. Kb2 Qe5 $19) 31... Ra8 32.
Bf1 $3 $18 {/\Rd6}) 31. Qxf6 Kxa3 {Now White wins by force.} (31... Rd1+ $142
32. Kb2 Ra8 (32... Qd4+ 33. Qxd4 Rxd4 34. Rxf7 Rd6 35. Re7 {/\Be6}) 33. Qb6
Qd4+ (33... a5 34. Bd7 $1 Rd5 35. Qe3 axb4 36. Ra7+ $18) 34. Qxd4 Rxd4 35. Rxf7
a5 36. Be6 axb4 37. Bb3+ Ka5 38. axb4+ Rxb4 (38... Kb6 39. Rxh7 {and with 3
pawns for the exchange White gradually wins.}) 39. c3 $16 {_|_R}) 32. Qxa6+
Kxb4 33. c3+ $1 Kxc3 (33... Kb3 34. Qa2+ Kxc3 35. Qb2+ Kd3 36. Re7 $1 $18) 34.
Qa1+ Kd2 $8 (34... Kb4 35. Qb2+ Ka5 (35... Qb3 36. Rxb5+) 36. Qa3+ Qa4 37. Ra7+
$18) 35. Qb2+ Kd1 (35... Ke3 $2 36. Re7+) (35... Ke1 36. Re7+ Kd1 37. Bf1 $1
$18 {is the same as in the game.}) 36. Bf1 $1 Rd2 $8 37. Rd7 $1 {Ftacnik: 'The
final trick, but white is completely right, the game is finally over.'} Rxd7
38. Bxc4 {[%cal Rb2c1]} bxc4 $8 39. Qxh8 Rd3 (39... Rb7+ 40. Ka2 Kc2 41. Qd4
$18) 40. Qa8 c3 41. Qa4+ Ke1 (41... Kd2 42. Qc2+) 42. f4 f5 43. Kc1 Rd2 44. Qa7
1-0